| 000 | 01692cam a2200385 a 4500 | ||
|---|---|---|---|
| 001 | centeredriding00swif | ||
| 003 | CaSfIA | ||
| 005 | 20210117223136.0 | ||
| 007 | cr|||| | ||
| 008 | 841016s1985 nyua 000 0 eng | ||
| 010 | _a 84022351 | ||
| 040 |
_aDLC _cDLC _dBAKER _dBTCTA _dYDXCP _dOCLCG _dCaSfIA |
||
| 020 |
_a0312127340 : _c$14.95 |
||
| 020 | _a9780312127343 | ||
| 035 | _a(OCoLC)11371609 | ||
| 050 | 0 | 0 |
_aSF309 _b.S995 1985 |
| 082 | 0 | 0 |
_a798.2/3 _219 |
| 100 | 1 |
_aSwift, Sally, _d1913- |
|
| 245 | 1 | 0 |
_aCentered riding / _h[electronic resource] _cby Sally Swift ; photography by Mike Noble ; drawings by Jean MacFarland. |
| 250 | _a1st ed. | ||
| 260 |
_aNew York : _bSt. Martin's/Marek, _cc1985. |
||
| 300 |
_a198 p. : _bill. ; _c25 cm. |
||
| 500 | _a"A Trafalgar Square farm book." | ||
| 650 | 0 | _aHorsemanship. | |
| 856 | 4 | 2 |
_3Contributor biographical information _uhttp://www.loc.gov/catdir/bios/hol054/84022351.html |
| 856 | 4 | 2 |
_3Publisher description _uhttp://www.loc.gov/catdir/description/hol042/84022351.html |
| 856 | 4 | 1 |
_uhttp://www.archive.org/details/centeredriding00swif _zFree eBook from the Internet Archive |
| 856 | 4 | 2 |
_uhttp://www.openlibrary.org/books/OL2859617M _zAdditional information and access via Open Library |
| 029 | 1 |
_aYDXCP _b187594 |
|
| 029 | 1 |
_aNZ1 _b3737867 |
|
| 029 | 1 |
_aAU@ _b000003501447 |
|
| 942 | _cEB | ||
| 506 | _fНеобхідна авторизація на https://archive.org/ (створення облікового запису безкоштовно) | ||
| 506 | _fНеобхідна авторизація на https://openlibrary.org/ (створення облікового запису безкоштовно) | ||
| 999 |
_c479273 _d479273 |
||